000
00318 a2200133 4500
020
_a
0070367868
090
_c
3652
_d
3652
100
_a
P R G Layard
245
_a
Microeconomic Theory
260
_a
Islamabad
_b
National Book Foundation
_c
1999
300
_a
498 p.
500
_a
Papercover
942
_a
NBS
_c
BK
_k
330 LAY
999
_c
346119
_d
346119